Statistiques concernant Les 30 plus grandes unités urbaines de France

Cliquez ici pour prendre le quiz!

Statistiques générales

  • Ce quiz a été pris 186 fois
  • Le résultat moyen est 25 sur 30

Statistiques - réponses

RéponsePopulationRégion% Correct
Lille1 051 609Hauts-de-France
100%
Lyon1 685 494Auvergne-Rhône-Alpes
100%
Marseille - Aix-en-Provence1 614 501Provence-Alpes-Côte d'Azur
100%
Nice952 329Provence-Alpes-Côte d'Azur
100%
Paris10 858 852Île-de-France
100%
Bordeaux986 679Nouvelle-Aquitaine
99%
Toulouse1 035 280Occitanie
99%
Strasbourg478 280Grand Est
98%
Nantes664 335Pays de la Loire
97%
Rennes364 133Bretagne
97%
Montpellier458 189Occitanie
93%
Saint-Étienne374 378Auvergne-Rhône-Alpes
91%
Toulon586 475Provence-Alpes-Côte d'Azur
91%
Dijon246 987Bourgogne-Franche-Comté
89%
Grenoble452 864Auvergne-Rhône-Alpes
89%
Le Havre233 414Normandie
88%
Metz288 143Grand Est
88%
Nancy286 618Grand Est
88%
Rouen471 893Normandie
88%
Tours361 956Centre-Val de Loire
88%
Orléans283 961Centre-Val de Loire
82%
Clermont-Ferrand274 141Auvergne-Rhône-Alpes
80%
Angers245 093Pays de la Loire
79%
Douai - Lens504 092Hauts-de-France
76%
Mulhouse247 044Grand Est
71%
Avignon458 828Provence-Alpes-Côte d'Azur
69%
Valenciennes334 571Hauts-de-France
61%
Bayonne257 137Nouvelle-Aquitaine
58%
Pointe-à-Pitre - Les Abymes249 815Guadeloupe
55%
Béthune355 596Hauts-de-France
32%

Distribution des résultats

Percentile par nombre de réponses

% des personnes avec chaque résultat

Votre développement - résultats

Vous n’avez pas pris ce quiz